000 01064nam a22002658a 4500
005 20080829115935.0
008 080827s2008 cau b 001 0 eng
010 _aENG-92459
020 _a9788178298979
_c350.00
035 _aEN-75992
037 _bDBAD / PUB
040 _adpl
_bEnglish
082 _a371.9
100 _aBarratt, Sarah J.
245 _aThe special educator's tool kit /
_cby Sarah J. Barratt S.
260 _aNew Dlehi
_bSAGE Publications,
_c2008
270 _aB1/I-1 Mohan Cooperative Industrial Area, Mathura Road,
_bNew Delhi
_e110044
300 _axv, 171p.:
_bill.
_c25cm (pbk)
504 _aIncludes glossary, bibliographical references and index.
650 _aSpecial education.
650 _aChildren with disabilities
_xEducation.
650 _aSpecial education teachers
_xIn-service training.
942 _2ddc
_cEN
_h371.9
_mBAR
999 _c20852
_d20852